| 000 | 00346nam a2200133Ia 4500 | ||
|---|---|---|---|
| 005 | 20251222144918.0 | ||
| 008 | 251222s9999||||xx |||||||||||||| ||spa|| | ||
| 020 | _a968-6384-64-2 | ||
| 082 | _a980.001/S17 | ||
| 100 | _aSaladino García, Alberto | ||
| 245 | 0 | _aVisión de América Latina: | |
| 264 | _bFondo de Cultura Económica | ||
| 942 | _cLIB | ||
| 999 |
_c22609 _d22609 |
||